| 000 | 00795nam a22001577a 4500 | ||
|---|---|---|---|
| 999 |
_c523807 _d523807 |
||
| 008 | 230927b ||||| |||| 00| 0 eng d | ||
| 100 |
_aMurray, Sasha Alfred _944033 |
||
| 245 | _aA critical analysis of the legality and practicality of new education policy 2020 | ||
| 260 | _aSocial Action | ||
| 300 | _a73(3), Jul-Sep, 2023: p.306-318 | ||
| 520 | _aEducation is universally recognized on the great equalizer and the force in creating a level playing field. Access to good education free of relations racial and social biases and prejudices is the maker of a progressive nation. – Reproduced | ||
| 650 |
_aNEP 2020, Challenges, Legality practicality, credulity, Education, Indian construction, Secularism. _940878 |
||
| 773 | _aSocial Action | ||
| 906 | _aEDUCATION | ||
| 942 | _cAR | ||